[Event "22nd Hoogeveen Open 2018"]
[Site "Hoogeveen"]
[Date "2018.10.22"]
[Round "4"]
[White "Guseinov, Gadir"]
[Black "Romanov, Evgeny"]
[Result "1-0"]
[WhiteElo "2667"]
[BlackElo "2614"]
[Annotator "TA"]
[PlyCount "87"]
[EventDate "2018.10.20"]
[EventType "swiss"]
[EventCountry "NED"]
[SourceTitle "playchess.com"]
[Source "ChessBase"]
[SourceQuality "1"]

{[%evp 15,87,25,33,22,49,50,63,70,73,84,79,93,95,104,99,73,71,70,72,78,76,64,92,66,81,88,78,24,76,66,67,65,110,98,106,108,135,111,145,105,91,102,184,179,195,199,196,165,169,179,161,164,155,156,162,148,184,79,420,411,431,407,561,546,1102,1034,943,906,1511,1506,4134,1851,29979,29979]} 1. e4 c5 2. Nc3 a6 3. Nf3 b5 4. d4 cxd4 5. Nxd4 Bb7 6. Bd3 Nc6 7. Nxc6 Bxc6 8. O-O e6 {LiveBook: 200 Games} 9. Re1 {B43: Sicilian: Kan Variation: 5 Nc3} Nf6 (9... Bd6 10. e5 Bc7 11. Qg4 Ne7 12. Bf4 Ng6 13. Bxg6 hxg6 14. Bg3 Qb8 15. Rad1 Rh5 16. Ne4 Qb7 {0-1 (34) Gabrielian,A (2499)-Dubov,D (2703) Sochi 2018}) 10. e5 b4 11. exf6 $146 {White is slightly better.} ({Predecessor:} 11. Ne4 Nxe4 12. Bxe4 Qc7 13. Bd2 Qb7 14. Qg4 a5 15. c3 bxc3 16. Bxc3 g6 17. Bxc6 dxc6 {½-½ (42) Neiksans,A (2551)-Miezis,N (2546) Finland 2013}) 11... bxc3 12. fxg7 Bxg7 13. b3 Qh4 14. g3 Qd4 15. Qh5 Qd5 16. Qxd5 Bxd5 17. Ba3 a5 18. Bd6 Rc8 19. Bb5 Bf3 20. Re3 Bh5 21. Be5 (21. Kg2 $16) 21... Rg8 (21... Bxe5 $11 22. Rxe5 Bg6) 22. Bxg7 $16 Rxg7 23. Re5 Bf3 24. Ba6 Ra8 25. Bf1 (25. Rxa5 Bb7 $15) 25... h5 26. Rae1 a4 27. R1e3 axb3 28. axb3 {[%cal Ba2b3,Bb3b4][%mdl 32]} Bb7 (28... f6 $16 {was called for.}) 29. Rb5 $18 ({Don't take} 29. Rxc3 $6 Ra1 $16) 29... Bc6 30. Rxh5 Ra1 31. Rc5 Bb7 {[#]} 32. b4 $1 ({Weaker is} 32. Rexc3 Ba6 $15) 32... d6 33. Ra5 ({Stronger than} 33. Rcxc3 Ba6 $11) 33... Rb1 34. Rxc3 Rxb4 35. Ra7 {And now Rc7 would win.} f5 36. f4 (36. Rb3 $18 Rxb3 37. cxb3) 36... Rxf4 $2 {[%mdl 8192]} (36... Rb1 $16) 37. Ba6 Rb4 {[#]} 38. Rb3 $1 {[%cal Rb3b4]} Rxb3 39. cxb3 Bxa6 40. Rxg7 {KR-KB} d5 41. h4 d4 42. Kf2 e5 43. Rg6 (43. h5 $142 Bd3 44. h6) 43... Bc8 44. Rg8+ {Precision: White = 74%, Black = 28%.} 1-0

[Event "22nd Hoogeveen Open 2018"]
[Site "Hoogeveen"]
[Date "2018.10.22"]
[Round "4"]
[White "Pruijssers, Roeland"]
[Black "Zwirs, Nico"]
[Result "1-0"]
[WhiteElo "2501"]
[BlackElo "2410"]
[Annotator "TA"]
[PlyCount "88"]
[EventDate "2018.10.20"]
[EventType "swiss"]
[EventCountry "NED"]
[SourceTitle "playchess.com"]
[Source "ChessBase"]
[SourceQuality "1"]

{[%evp 19,88,7,17,4,12,12,22,12,12,8,0,0,25,25,8,0,43,-34,-39,-48,-34,-83,-23,-20,-17,-27,-22,-16,-8,-101,-20,-56,0,0,0,0,0,0,204,219,216,204,225,216,846,791,830,715,712,671,5056,5035,29979,29980,29977,29978,29983,29984,29984,29985,29985,29986,29986,29985,29987,29985,29983,29984,29984,29985,29984]} 1. e4 c5 2. Nf3 d6 3. d4 cxd4 4. Nxd4 Nf6 5. Nc3 a6 6. Be3 e5 7. Nb3 Be6 8. f3 Be7 9. Qd2 Nbd7 10. O-O-O h5 11. g3 {B90: Sicilian Najdorf: Unusual White 6th moves, 6 Be3 Ng4 and 6 Be3 e5} (11. Nd5 Nxd5 12. exd5 Bf5 13. Bd3 Bxd3 14. Qxd3 Bg5 15. Kb1 Bxe3 16. Qxe3 Rc8 17. h4 Nf6 18. Qd3 Qc7 {1-0 (32) Aronian,L (2767)-Dominguez Perez,L (2739) Saint Louis 2018}) 11... Rc8 12. Kb1 Qc7 13. h3 {The position is equal.} b5 14. Nd5 Bxd5 15. exd5 Nb6 16. Bxb6 $1 Qxb6 17. Bd3 g6 $146 (17... h4 $5 {[%cal Rh4g3]}) ({Predecessor:} 17... h4 18. g4 O-O 19. Rde1 {0-1 (44) Karacsony,Z (2470)-Pappier,C (2495) ICCF email 2012}) 18. Be4 (18. f4 $14) 18... b4 $15 19. g4 a5 20. Qe2 hxg4 ({Black should play} 20... a4 $17 21. Nd2 Qc5) 21. hxg4 $11 Rxh1 22. Rxh1 a4 23. Nd2 a3 {And now ...Qd4 would win.} 24. Nb3 (24. Qd3 $1 $11 {remains equal.}) 24... Nd7 (24... Nxe4 $17 25. fxe4 Bg5) 25. Bd3 Bf6 (25... Bg5 $15) 26. f4 {[%cal Bf3f4,Bf4f5,Bf5f6][%mdl 32]} Nc5 27. g5 Bg7 $1 28. f5 $36 {[%mdl 2048] White has the initiative.} Nxb3 $2 {[#]} (28... gxf5 $1 $11 {and Black is okay.} 29. Bxf5 Rc7) 29. f6 $1 $18 {[%cal Rf6g7]} Qd4 {[%csl Ga3][%cal Rd4b2]} 30. cxb3 Bf8 31. Rh8 {Hoping for Bb5+.} Qg1+ $2 (31... Kd7 32. Bb5+ Kc7 33. bxa3 bxa3) 32. Qf1 Qxf1+ 33. Bxf1 {[%mdl 4096] Endgame Bb5+ is the strong threat. KRB-KRB} Rc5 34. Bc4 axb2 35. Kxb2 Ra5 {[#]} 36. a3 $1 {[%mdl 512] White mates.} bxa3+ (36... Rxa3 37. Bb5+) 37. Ka2 Rc5 38. Kxa3 e4 39. Kb4 e3 40. Bb5+ Kd8 41. Rxf8+ Kc7 42. Bc4 e2 43. Rxf7+ Kb6 44. Re7 e1=Q+ {Precision: White = 56%, Black = 39%.} 1-0

[Event "22nd Hoogeveen Open 2018"]
[Site "Hoogeveen"]
[Date "2018.10.22"]
[Round "4"]
[White "Kuipers, Stefan"]
[Black "Miedema, David"]
[Result "1-0"]
[WhiteElo "2467"]
[BlackElo "2379"]
[Annotator "TA"]
[PlyCount "189"]
[EventDate "2018.10.20"]
[EventType "swiss"]
[EventCountry "NED"]
[SourceTitle "playchess.com"]
[Source "ChessBase"]
[SourceQuality "1"]

{[%evp 15,189,-14,0,-14,-10,-21,31,31,40,21,22,0,45,12,22,12,104,23,19,26,20,33,24,37,123,125,123,123,123,126,120,122,108,122,123,118,117,119,120,114,123,118,120,90,112,66,84,74,75,64,71,16,19,86,77,72,120,123,142,142,142,142,142,133,122,120,145,145,145,145,175,165,162,145,145,145,145,145,145,145,145,145,145,145,145,145,145,145,145,145,145,145,189,145,145,145,145,0,200,102,191,197,180,145,183,181,167,145,145,145,145,145,145,145,145,145,145,124,115,0,145,145,145,138,138,138,145,138,142,138,138,138,138,89,146,146,152,144,145,138,138,138,152,145,153,152,150,164,472,395,29961,29964,29959,29958,9512,7052,4634,4627,4627,4627,4622,4622,29963,29964,29975,29976,29976,29977,29977,29978,29977,29979,29984,29985,29985,29985]} 1. e4 e6 2. d4 d5 3. Nc3 Bb4 4. e5 Ne7 5. a3 Bxc3+ 6. bxc3 c5 7. a4 Qc7 8. Nf3 h6 9. h4 {C19: French: 3 Nc3 Bb4: Main line: 7 Nf3 and 7 a4} (9. Qd2 O-O 10. Bd3 b6 11. a5 Ba6 12. O-O Bxd3 13. cxd3 Nd7 14. h4 Nc6 15. axb6 axb6 16. Rb1 Ra4 {0-1 (71) Giri,A (2782)-So,W (2778) Leuven 2018}) 9... Nbc6 $146 ({Predecessor:} 9... b6 10. Bb5+ Bd7 11. Bd3 Nbc6 12. O-O cxd4 13. cxd4 Nb4 14. Ba3 Qc3 15. Qe2 a5 16. Rfb1 O-O 17. Qe1 Qxe1+ 18. Nxe1 Bxa4 19. c3 Nxd3 20. Bxe7 {1-0 (51) Ostrovskiy,A (2438)-Parvanyan,A (2262) Hamburg 2016}) 10. Be2 cxd4 (10... b6 $11) 11. cxd4 $14 {White is slightly better.} Nb4 12. O-O Qxc2 13. Qe1 Nec6 {[%cal Be7c6,Bc6e5,Be5d3][%mdl 32]} 14. Bb5 {Strongly threatening Qxb4.} Bd7 15. a5 Nd3 (15... Rc8 $11) 16. Qd2 ({White should try} 16. Qe3 $1 $16 Ncxe5 17. Nxe5 Bxb5 18. Ba3) 16... Qxd2 $1 $11 17. Bxd2 Ncxe5 18. Bxd3 Nxd3 19. Rfb1 {[#] Ra3 is the strong threat.} a6 (19... e5 $1 $14) 20. Ra3 $1 $16 Bb5 {[#]} 21. Rxb5 $1 {[%mdl 512]} axb5 22. Rxd3 f6 23. Rb3 b6 24. axb6 Kd7 25. Rxb5 Kc6 26. Rb1 Rhb8 27. Bf4 Rxb6 28. Rc1+ Kb5 29. h5 Rb7 30. Nd2 Re7 31. Rb1+ Kc6 32. Nb3 e5 33. Be3 ({Better is} 33. dxe5 $16 fxe5 34. Bg3) 33... Rb7 $11 {next ...Kd6 is good for Black.} 34. Rc1+ Kd6 {[#]} 35. Nd2 $1 Ra2 {[#]} 36. Nf3 $1 Ra8 37. Nh4 Ke6 38. g4 Kf7 39. Nf5 Rd7 40. Rc6 exd4 41. Bxd4 Kg8 42. Kg2 Kf7 43. Kg3 Kg8 44. Rb6 Kh7 45. Kf4 Re8 46. Kf3 Ra8 47. Re6 Kg8 48. Kf4 Kf7 49. Rb6 Kg8 50. Ne3 Kf7 51. Rb5 Ra4 52. Nf5 Ra8 53. Kg3 Ra3+ 54. Kh4 Ra8 55. Rb6 Kg8 56. Kg3 (56. Kh3 $16) 56... Ra3+ $2 (56... Kh7 $1 $11 {and Black is okay.}) 57. Ne3 (57. f3 $18) 57... Kf7 (57... Rd3 $16 {was worth a try.} 58. Rb4 Re7) 58. f3 $18 Ra8 59. Rb5 Ra4 60. Nf5 Ra8 61. Rc5 Kg8 62. Rc6 Kh7 63. Kf4 Kg8 64. Rb6 Kh7 65. Re6 Kg8 66. Nd6 Kh7 {White should prevent ...Ra6.} 67. Nf5 Kg8 $1 68. Rc6 Kh7 69. Ke3 Ra3+ 70. Bc3 Ra8 71. Kd3 Kg8 72. Rb6 Kh7 73. Bb4 Rc8 74. Nd6 Rcd8 (74... Rc1 $142) 75. Kd4 $16 Ra7 76. Kxd5 Re7 77. Kd4 Re6 78. Bc5 Kg8 79. Kd5 Re7 80. Ra6 Re5+ 81. Kc6 f5 $2 (81... Re1 82. Ra7 Re6) 82. gxf5 Rxd6+ $2 (82... Rf8 $18 83. Ra7 Re2) 83. Bxd6 Rxf5 $18 {[%mdl 4096] Endgame KRB-KR} 84. Ra8+ Kh7 85. f4 {[%cal Bf3f4,Bf4f5][%mdl 32]} Rxh5 86. Kd7 Rb5 87. Ke6 Rb7 88. f5 Rb6 89. Ra7 {White mates.} Kg8 90. Kd5 Rb5+ 91. Ke4 Rb1 92. Be5 Rg1 93. Kd5 Rg2 94. Ke6 Rg1 {[#]} 95. Rxg7+ $1 {[%mdl 512] Precision: White = 68%, Black = 57%.} 1-0

[Event "22nd Hoogeveen Open 2018"]
[Site "Hoogeveen"]
[Date "2018.10.22"]
[Round "4"]
[White "Beerdsen, Thomas"]
[Black "De Jong, Migchiel"]
[Result "1/2-1/2"]
[WhiteElo "2460"]
[BlackElo "2309"]
[Annotator "TA"]
[PlyCount "45"]
[EventDate "2018.10.20"]
[EventType "swiss"]
[EventCountry "NED"]
[SourceTitle "playchess.com"]
[Source "ChessBase"]
[SourceQuality "1"]

{[%evp 13,45,21,25,24,32,25,34,6,21,8,7,8,6,10,19,14,13,14,16,3,29,3,1,0,18,-27,-25,-37,-14,-23,-24,-29,-42,-50]} 1. e4 c5 2. Nf3 e6 3. b3 b6 4. Bd3 Bb7 5. O-O Nc6 6. Re1 {B40: Sicilian: 2...e6, Unusual lines} Nge7 7. Bb2 Ng6 {LiveBook: 9 Games} 8. g3 $146 {White has an edge.} ({Predecessor:} 8. Na3 Nd4 9. Nc4 Nxf3+ 10. Qxf3 Qc7 11. a4 Be7 {½-½ (108) Carlsen,M (2826)-Polgar,J (2682) Kristiansund 2010}) 8... d6 9. Na3 {[%cal Bb1a3,Ba3c2,Bc2e3,Be3d5][%mdl 32]} a6 10. Bf1 b5 {[%cal Bb6b5,Bb5b4][%mdl 32]} 11. c4 b4 12. Nc2 e5 13. Ne3 Be7 14. h4 Nf8 15. Nd5 Ne6 16. Bh3 O-O 17. Nh2 Ncd4 18. Nf3 a5 19. Nxd4 cxd4 20. a3 Bxd5 21. cxd5 Nc5 22. Bf1 Qd7 23. Qf3 {Precision: White = 37%, Black = 56%.} 1/2-1/2

[Event "22nd Hoogeveen Open 2018"]
[Site "Hoogeveen"]
[Date "2018.10.22"]
[Round "4"]
[White "Buckels, Valentin"]
[Black "Kryakvin, Dmitry"]
[Result "0-1"]
[WhiteElo "2413"]
[BlackElo "2595"]
[Annotator "TA"]
[PlyCount "124"]
[EventDate "2018.10.20"]
[EventType "swiss"]
[EventCountry "NED"]
[SourceTitle "playchess.com"]
[Source "ChessBase"]
[SourceQuality "1"]

{[%evp 12,124,57,34,36,12,16,15,28,12,14,15,10,12,15,4,13,14,11,1,27,27,31,28,14,16,41,42,47,12,29,0,0,-10,0,-7,-5,-6,-5,-48,-12,-56,-38,-63,-76,-112,0,0,0,0,-20,-129,-116,-215,-203,-143,-89,-97,-79,-91,-56,-251,-16,-18,-25,-25,-12,-48,-42,-81,-86,-283,-268,-287,-271,-275,-281,-283,-282,-372,-384,-375,-288,-272,-174,-182,-166,-153,-152,-158,-158,-311,-274,-360,-356,-348,-333,-445,-484,-480,-470,-797,-757,-1234,-1270,-1205,-1187,-1106,-1085,-897,-841,-29963,-29966,-6187,-4133]} 1. d4 d5 2. Nf3 c6 3. Bf4 Qb6 4. Qc1 Nf6 5. e3 Nh5 6. Be5 {D02: 1 d4 d5 2 Nf3 sidelines, including 2...Nf6 3 g3 and 2...Nf6 3 Bf4} Nd7 7. Be2 {LiveBook: 3 Games} e6 $146 ({Predecessor:} 7... Nxe5 8. dxe5 g6 9. O-O Bh6 10. c4 O-O 11. cxd5 cxd5 12. Nc3 Be6 13. Rd1 {1-0 (57) Neef,M (2443)-Saltaev,M (2477) Germany 2017}) 8. Nbd2 {White is slightly better.} Be7 9. c4 Nxe5 10. Nxe5 Nf6 11. O-O O-O 12. c5 Qc7 13. f4 Nd7 14. Bd3 Nxe5 15. fxe5 f5 16. exf6 Bxf6 17. Nf3 g6 18. e4 {[%cal Be3e4,Be4e5][%mdl 32]} Qg7 {...dxe4 is the strong threat.} 19. e5 Be7 20. b4 Bd7 21. a4 g5 22. Nd2 g4 23. Qe1 Rxf1+ 24. Nxf1 Rf8 25. Nd2 Qg5 26. Nb3 Be8 27. Qg3 h5 {[%cal Bh7h5,Bh5g4][%mdl 32]} 28. h3 Kh8 (28... Bg6 $1 $17 {[%cal Rg6d3]} 29. Bxg6 Qxg6) 29. Rf1 $1 $11 Rg8 {Hoping for ...h4.} 30. hxg4 Qh6 31. Be2 (31. Qf4 $11 Qxf4 32. Rxf4) 31... hxg4 $1 $17 32. Qf4 (32. Bxg4 $17 {was worth a try.} Bh5 33. Rf4) 32... Bg5 $19 33. Qh2 Bh5 (33... Be3+ $142 34. Kh1 Qxh2+ 35. Kxh2 g3+ 36. Kh3 Bf2) 34. g3 $17 {[#]} Kg7 $1 35. Bd3 Rh8 36. b5 $2 {[#]} (36. Kf2 $1 $15) 36... cxb5 $2 (36... Be3+ $1 $19 37. Kg2 Kg8) 37. axb5 $11 a5 38. bxa6 bxa6 $40 {[%mdl 128] Black has some attack.} 39. c6 ({Don't go for} 39. Bxa6 $2 Be3+ 40. Kg2 Qg6 $19) 39... Rc8 {[%cal Bh8c8,Bc8c6,Bc6c2][%mdl 32]} 40. Kg2 Rxc6 41. Rh1 $2 (41. Nc5 $17 {was the only defense.}) 41... Bg6 $19 42. Qxh6+ Bxh6 43. Bxg6 Kxg6 {[%mdl 4096] Endgame KRB-KRN} 44. Nc5 Bf8 45. Nd3 Rc2+ 46. Kf1 Bh6 47. Rh4 {If White can now play Nc5 this consolidates a bit.} Bg5 48. Rh8 Be3 49. Rf8 Bxd4 {White must now prevent ...Kg5.} 50. Nf4+ Kh7 51. Rf7+ $2 (51. Re8 $17 {might work better.}) 51... Kg8 52. Rd7 Rc6 ({Not} 52... Bxe5 53. Nxe6 Rd2 54. Ke1 $19) 53. Ng6 Rb6 54. Ke2 a5 {[%cal Ba6a5,Ba5a4,Ba4a3][%mdl 32]} 55. Kd3 Bf2 56. Rd8+ (56. Ne7+ $142 Kf8 57. Rc7) 56... Kf7 57. Rf8+ Kxg6 58. Rxf2 a4 59. Rf4 Ra6 60. Kd4 Kg5 61. Rf8 a3 62. Rg8+ Kh6 {Precision: White = 33%, Black = 73%.} 0-1

[Event "22nd Hoogeveen Open 2018"]
[Site "Hoogeveen"]
[Date "2018.10.22"]
[Round "4"]
[White "Van Delft, Merijn"]
[Black "Kevlishvili, Robby"]
[Result "1-0"]
[WhiteElo "2381"]
[BlackElo "2461"]
[Annotator "TA"]
[PlyCount "101"]
[EventDate "2018.10.20"]
[EventType "swiss"]
[EventCountry "NED"]
[SourceTitle "playchess.com"]
[Source "ChessBase"]
[SourceQuality "1"]

{[%evp 33,101,17,23,18,1,18,5,13,94,83,91,75,86,70,71,59,82,81,85,73,91,43,43,35,32,0,131,0,0,0,0,0,0,0,0,0,55,0,0,2,0,0,0,0,0,0,0,0,0,0,0,0,0,0,0,0,0,0,29974,29975,29984,29985,29989,5717,5647,3119,2192,1960,6303,1171]} 1. e4 e5 2. Nf3 Nc6 3. Bb5 a6 4. Ba4 Nf6 5. O-O Be7 6. Re1 b5 7. Bb3 d6 8. c3 O-O 9. h3 Nb8 10. d4 Nbd7 11. Nbd2 Bb7 12. Bc2 Re8 13. a4 Bf8 14. Bd3 c6 15. b3 g6 16. Bb2 Bg7 {C95: Closed Ruy Lopez: Breyer Variation with 10 d4} (16... Nh5 17. Bf1 Nf4 18. Qc2 Rc8 19. Rad1 Qc7 20. g3 Ne6 21. h4 Bg7 22. Bh3 Rcd8 23. axb5 cxb5 24. d5 {0-1 (46) Hansen,E (2629)-Amin,B (2693) chess.com INT 2018}) 17. Qc2 Qc7 {LiveBook: 45 Games} 18. dxe5 dxe5 {The position is equal.} 19. b4 Nb6 20. a5 {[#]} Nbd7 $146 (20... Na4 $11) ({Predecessor:} 20... Na4 21. Ba3 Nh5 22. c4 Nf4 23. Bf1 Ne6 24. Rad1 {½-½ (39) Allerberger,P (2521)-Wegelin,R (2522) Remote email 2013}) 21. c4 $16 Rac8 22. Rac1 Qb8 23. Qb3 Nf8 24. Bb1 N6d7 25. c5 Ne6 26. Nf1 Rcd8 27. Ne3 Nd4 28. Nxd4 exd4 29. Ng4 h5 {[#]} (29... Bc8 $11) 30. e5 (30. Nh2 $1 $16) 30... hxg4 $11 31. e6 Kf8 {Strongly threatening ...Rxe6.} 32. exd7 Rxe1+ 33. Rxe1 {Black must now prevent Bxg6.} Rxd7 34. hxg4 Qd8 (34... Qf4 $1 $11) 35. Bd3 (35. Be4 $14) 35... Re7 36. Qd1 Bc8 37. Re4 Qd5 38. Rxe7 Kxe7 39. Bc1 Be6 40. Bd2 Kd7 41. f4 Qa2 42. f5 gxf5 43. gxf5 Bc4 44. Bxc4 Qxc4 45. Qg4 {f6+ is the strong threat.} d3 $2 {[%mdl 8192] [#]} (45... Be5 $11) 46. Qxg7 Qb3 47. Qd4+ Kc8 48. Kf2 (48. Qh8+ $142 Kc7 49. Bf4+ Kd7 50. Bg5 f6 51. Bxf6 Qd1+ 52. Kh2 Kc7 53. Qd8+ Kb7 54. Qd7+ Ka8 55. Qxc6+ Ka7 56. Qb6+ Ka8 57. Qxa6+ Kb8 58. Be5#) 48... Qc2 $18 {White is clearly winning.} 49. Ke3 Qd1 50. Qxd3 Qg1+ 51. Ke4 {Precision: White = 49%, Black = 68%.} 1-0

[Event "22nd Hoogeveen Open 2018"]
[Site "Hoogeveen"]
[Date "2018.10.22"]
[Round "4"]
[White "Colijn, Stefan"]
[Black "Elgersma, Onno"]
[Result "0-1"]
[WhiteElo "2340"]
[BlackElo "2223"]
[Annotator "NA"]
[PlyCount "63"]
[EventDate "2018.10.20"]
[EventType "swiss"]
[EventCountry "NED"]
[SourceTitle "playchess.com"]
[Source "ChessBase"]
[SourceQuality "1"]
[TimeControl "40/5400+30:1800+30"]

1. d4 {[%emt 0:00:00]} Nf6 {[%emt 0:00:00]} 2. Nf3 {[%emt 0:00:00]} e6 {[%emt 0:00:00]} 3. Bf4 {[%emt 0:00:00]} d5 {[%emt 0:00:19]} 4. e3 {[%emt 0:00:00]} c5 {[%emt 0:00:23]} 5. c3 {[%emt 0:00:03]} Nc6 {[%emt 0:00:24]} 6. Bd3 {[%emt 0:01:05]} Be7 {[%emt 0:06:33]} 7. h3 {[%emt 0:00:15]} Bd6 {[%emt 0:00:22]} 8. dxc5 {[%emt 0:09:48]} Bxc5 {[%emt 0:03:34]} 9. Nbd2 {[%emt 0:05:04]} O-O {[%emt 0:02:09]} 10. e4 {[%emt 0:03:08]} e5 {[%emt 0:10:35]} 11. Bg5 {[%emt 0:06:36]} Be6 {[%emt 0:07:12]} 12. O-O {[%emt 0:09:42]} a5 {[%emt 0:05:13]} 13. Qe2 {[%emt 0:02:45]} h6 {[%emt 0:13:13]} 14. Bxf6 {[%emt 0:09:25]} Qxf6 {[%emt 0:00:18]} 15. exd5 {[%emt 0:00:37]} Bxd5 {[%emt 0:00:20]} 16. Ne4 {[%emt 0:00:29]} Qe7 {[%emt 0:04:09]} 17. Bc4 {[%emt 0:05:29]} Bxe4 {[%emt 0:08:04]} 18. Qxe4 $11 {[%emt 0:00:31]} Kh8 {[%emt 0:00:10]} 19. Bd5 {[%emt 0:13:34]} f5 {[%emt 0:02:58]} 20. Qh4 {[%emt 0:04:59]} Rf6 {[%emt 0:03:14]} 21. Qh5 {[%emt 0:02:02]} e4 {[%emt 0:01:31]} 22. Nh4 {[%emt 0:02:00]} Qe8 {[%emt 0:15:19]} 23. Qxe8+ {[%emt 0:02:21]} Rxe8 {[%emt 0:00:24]} 24. g4 {[%emt 0:01:02]} fxg4 {[%emt 0:01:14]} 25. hxg4 {[%emt 0:00:06]} Ne5 {[%emt 0:00:29]} 26. Bxe4 {[%emt 0:12:49]} Nxg4 {[%emt 0:01:02]} 27. Bf5 {[%emt 0:01:38]} Ne5 {[%emt 0:01:44]} 28. Kh1 {[%emt 0:07:30]} g5 {[%emt 0:02:12]} 29. f4 {[%emt 0:00:01]} Nc4 {[%emt 0:00:46]} 30. fxg5 {[%emt 0:01:07]} hxg5 {[%emt 0:00:25]} 31. Bd3 {[%emt 0:00:46]} Rh6 {[%emt 0:00:14]} 32. Kg2 {[%emt 0:00:00]} 0-1

[Event "22nd Hoogeveen Open 2018"]
[Site "Hoogeveen"]
[Date "2018.10.22"]
[Round "4"]
[White "Bertholee, Rob"]
[Black "Rakshitta, Ravi"]
[Result "0-1"]
[WhiteElo "2334"]
[BlackElo "2160"]
[Annotator "NA"]
[PlyCount "108"]
[EventDate "2018.10.20"]
[EventType "swiss"]
[EventCountry "NED"]
[SourceTitle "playchess.com"]
[Source "ChessBase"]
[SourceQuality "1"]
[TimeControl "40/5400+30:1800+30"]

1. e4 {[%emt 0:00:00]} e5 {[%emt 0:01:25]} 2. Nf3 {[%emt 0:00:00]} Nc6 {[%emt 0:00:10]} 3. c3 {[%emt 0:00:00]} d5 {[%emt 0:00:10]} 4. Qa4 {[%emt 0:00:00]} Bd7 {[%emt 0:05:45]} 5. exd5 {[%emt 0:00:03]} Nd4 {[%emt 0:00:08]} 6. Qd1 {[%emt 0:00:04]} Nxf3+ {[%emt 0:00:05]} 7. Qxf3 {[%emt 0:00:04]} Nf6 {[%emt 0:00:08]} 8. Bc4 {[%emt 0:00:22]} Bd6 {[%emt 0:00:29]} 9. d3 {[%emt 0:01:32]} Bg4 {[%emt 0:04:19]} 10. Qe3 {[%emt 0:21:12]} Qe7 {[%emt 0:02:22]} 11. h3 {[%emt 0:06:52]} Bf5 {[%emt 0:03:00]} 12. Nd2 {[%emt 0:05:34]} Bc5 {[%emt 0:13:18]} 13. Bb5+ {[%emt 0:19:32]} Nd7 {[%emt 0:11:26]} 14. Qf3 {[%emt 0:01:34]} Bg6 {[%emt 0:05:36]} 15. d6 {[%emt 0:03:59]} Qxd6 {[%emt 0:02:30]} 16. Qxb7 {[%emt 0:00:08]} O-O {[%emt 0:00:46]} 17. Qc6 {[%emt 0:03:45]} Qxc6 {[%emt 0:01:41]} 18. Bxc6 {[%emt 0:00:00]} Rad8 {[%emt 0:00:05]} 19. Ne4 {[%emt 0:00:25]} Be7 {[%emt 0:01:25]} 20. g4 {[%emt 0:12:11]} Nc5 {[%emt 0:01:10]} 21. Nxc5 {[%emt 0:00:27]} Bxc5 {[%emt 0:00:01]} 22. Be4 {[%emt 0:01:11]} f5 {[%emt 0:00:02]} 23. gxf5 {[%emt 0:00:20]} Bxf5 {[%emt 0:00:03]} 24. Rh2 {[%emt 0:01:29]} Bxe4 {[%emt 0:02:47]} 25. dxe4 {[%emt 0:00:02]} Rd3 {[%emt 0:00:34]} 26. Ke2 {[%emt 0:06:16]} Rdf3 {[%emt 0:00:30]} 27. Be3 {[%emt 0:00:56]} Bxe3 {[%emt 0:00:07]} 28. fxe3 {[%emt 0:00:03]} Rg3 {[%emt 0:00:26]} 29. Rd1 {[%emt 0:08:54]} Rff3 {[%emt 0:01:38]} 30. Rd8+ {[%emt 0:00:16]} Kf7 {[%emt 0:00:02]} 31. Rd7+ {[%emt 0:03:57]} Kf6 {[%emt 0:00:01]} 32. Rxc7 {[%emt 0:02:09]} Rxe3+ {[%emt 0:00:20]} 33. Kf1 {[%emt 0:02:02]} Ref3+ {[%emt 0:00:36]} 34. Ke1 {[%emt 0:00:58]} Rxh3 {[%emt 0:01:37]} 35. Rxh3 {[%emt 0:00:03]} Rxh3 {[%emt 0:00:07]} 36. Rxa7 {[%emt 0:00:19]} Rh1+ {[%emt 0:01:11]} 37. Kd2 {[%emt 0:00:30]} Rh2+ {[%emt 0:00:02]} 38. Kc1 {[%emt 0:01:12]} g5 {[%emt 0:00:13]} 39. a4 {[%emt 0:00:35]} g4 {[%emt 0:00:08]} 40. Ra8 {[%emt 0:00:19]} g3 {[%emt 0:00:10]} 41. Rg8 {[%emt 0:03:09]} g2 {[%emt 0:00:01]} 42. b4 {[%emt 0:01:46]} Rh1+ {[%emt 0:00:07]} 43. Kb2 {[%emt 0:00:07]} g1=Q {[%emt 0:00:05]} 44. Rxg1 {[%emt 0:00:05]} Rxg1 {[%emt 0:00:04]} 45. a5 {[%emt 0:00:01]} Rg8 {[%emt 0:01:34]} 46. b5 {[%emt 0:00:10]} Ke6 {[%emt 0:00:06]} 47. Kb3 {[%emt 0:00:25]} h5 {[%emt 0:01:17]} 48. a6 {[%emt 0:00:33]} Kd6 {[%emt 0:00:06]} 49. Kb4 {[%emt 0:00:15]} h4 {[%emt 0:00:30]} 50. b6 {[%emt 0:04:09]} h3 {[%emt 0:00:02]} 51. a7 {[%emt 0:00:04]} Kc6 {[%emt 0:00:03]} 52. Ka5 {[%emt 0:00:07]} h2 {[%emt 0:00:07]} 53. Ka6 {[%emt 0:00:10]} h1=Q {[%emt 0:00:05]} 54. a8=B+ {[%emt 0:00:17]} Rxa8# {[%emt 0:00:56]} 0-1